Diversification of farm business

Analýza opatrenia SOP Poľnohospodárstvo a rozvoj vidieka ukázala, že najväčší záujem o finančný príspevok pochádza od subjektov zameraných na agroturistiku a vidiecky turizmus. Táto oblasť výlučne dominuje aj medzi počtom schválených projektov. Ostatné diverzifikačné aktivity sú zastúpené iba v mini...

Ausführliche Beschreibung

Gespeichert in:
Bibliographische Detailangaben
1. Verfasser: Buday, Štefan
Weitere Verfasser: Federičová, Zuzana, Vajcíková, Ružena
Format: Buchkapitel
Sprache:Englisch
Schlagworte:
Tags: Tag hinzufügen
Keine Tags, Fügen Sie das erste Tag hinzu!

MARC

LEADER 00000naa$a2200000$$$4500
001 0093542
005 20231129064958.0
041 0 |a eng 
044 |a CZ 
245 1 0 |a Diversification of farm business  |c Štefan Buday, Zuzana Federičová, Ružena Vajcíková 
520 |a Analýza opatrenia SOP Poľnohospodárstvo a rozvoj vidieka ukázala, že najväčší záujem o finančný príspevok pochádza od subjektov zameraných na agroturistiku a vidiecky turizmus. Táto oblasť výlučne dominuje aj medzi počtom schválených projektov. Ostatné diverzifikačné aktivity sú zastúpené iba v minimálnej miere. Celkový počet podnikateľských subjektov s inými zárobkovými činnosťami v roku 2005 oproti rokom 2001 a 2003 poklesol. Počet podnikateľských subjektov sa v roku 2005 zvýšil pri remeselných činnostiach, spracovaní dreva, chove rýb, výrobe energie z obnoviteľných zdrojov a zmluvných prácach. 
610 2 0 |a diverzifikácia 
610 2 0 |a podnikanie 
610 2 0 |a pôda 
610 2 0 |a agroturistika 
610 2 0 |a vidiek 
100 1 |a Buday, Štefan 
700 1 |a Federičová, Zuzana 
700 1 |a Vajcíková, Ružena